000 00751cam a2200253 4500
001 ABS66336
008 030204n2003 000 0 eng u
035 _a(Sirsi) u121243
245 _aRegional survey: Somerset, Devon and Cornwall
260 _c2003
490 _aProperty Week
_v68(2) 17 January 2003, 53-62(8)
590 _aABS
650 _aSOMERSET
650 _aDEVON
650 _aCORNWALL
650 _aEXETER
650 _aPLYMOUTH
650 _aTAUNTON
650 _aTRURO
650 _aPROPERTY-COMMERCIAL PROPERTY-OFFICE PROPERTY-OFFICE PROPERTY MARKET
650 _aPROPERTY-COMMERCIAL PROPERTY-RETAIL PROPERTY-RETAIL PROPERTY MARKET
690 _aPROPERTY-COMMERCIAL PROPERTY-COMMERCIAL PROPERTY MARKET
942 _n0
999 _c72055
_d72055